00000000nam##2200000za#4500
0019.535881
003CaOODSP
00520200331233131
007ta
008150406|2002||||xxc|||||     f|0| 0 fre|d
020 |a0-660-61811-7
040 |aCaOODSP|bfre
041 |aeng
041 |afre
043 |an-cn---
0861 |aBT31-2/2003-III-104
1101 |aCanada. |bConseil du trésor.
24510|aTribunal canadien des droits de la personne
260 |aOttawa - Ontario : |bSecrétariat du Conseil du Trésor du Canada |c2002.
300 |aTexte français, 18p. : |btableaux ; |c28 cm.
4901 |aBudget des dépenses 2002-2003, partie III: rapport sur les plans et les priorités
546 |aBilingue
563 |aCouverture souple
590 |a02-14|b2002-04-05
69107|aPrévisions budgétaires|2gcpds
69107|aTribunal|2gcpds
69107|aDroits de la personne|2gcpds
7760#|tCanadian Human Rights Tribunal, 2002-2003 estimates, part III, report on plans and priorities |w(CaOODSP)9.568049
7760#|tTribunal canadien des droits de la personne, budget des dépenses 2002-2003, partie III, rapport sur les plans et les priorités |w(CaOODSP)9.599348
791 |tCanadian Human Rights Tribunal |eeng|w(CaOODSP)9.535880
830#0|aBudget des dépenses 2002-2003, partie III: rapport sur les plans et les priorités.|w(CaOODSP)9.508969